| 000 | 00742cab a2200229 4500 | ||
|---|---|---|---|
| 001 | WB2837-71 | ||
| 008 | 090401t1992 xxu||||| |||| 00| 0 eng d | ||
| 035 | _a(Sirsi) u19605 | ||
| 041 | _aeng | ||
| 245 | _aPresidents speech | ||
| 260 | _c1992 | ||
| 350 | _a0 | ||
| 490 |
_aRICS Press Release _v(PR113/92) 23 September 1992 (2) |
||
| 520 | _aSummary of the President`s speech at the annual conference in Bath in which he said `In today`s severe recession our profession must confront its shortcomings and threats`. | ||
| 650 | _aCHRISTOPHER JONAS | ||
| 650 | _aJONAS | ||
| 650 | _aPRESIDENTS SPPECH | ||
| 650 | _aRECESSION | ||
| 690 | _aMANAGEMENT-BUSINESS MANAGEMENT-PROFESSIONAL PRACTICE | ||
| 942 | _n0 | ||
| 948 | _c04/03/1997 | ||
| 999 |
_c13107 _d13107 |
||